Statistics for She was only Anne

Click here to take the quiz!

General Stats

  • This quiz has been taken 57 times
  • The average score is 6 of 12

Answer Stats

Answer% Correct
Anne Frank
91%
Princess Anne
89%
Anne Hathaway
83%
Queen Anne
57%
Anne Shirley
56%
Anne of Cleves
41%
Raggedy Ann
41%
Anne Bancroft
28%
Anne Brontë
28%
Anne Murray
24%
Ann Arbor
13%
Ann Bonny
7%

Score Distribution

Percentile by Number Answered

Percent of People with Each Score

Your Score History

You have not taken this quiz